000 00440nam a2200181Ia 4500
001 11307
005 20260306162818.0
008 260306t1983||||xx |||||||||||||| ||spa||
041 _aESP
082 _a985.053
_bL35
100 _aLecaros V., Fernando
_eAUT
245 0 _aHistoria del Perú y del mundo siglo XIX
260 _c1983
300 _a223 páginas :
_c21 cm.
650 _aGEN
654 _aCHU
942 _cLIB
_dJUS
_fJUS
_2ddc
_n
999 _c11307
_d11307